000 01484nam a2200385 c 4500
001 22937
003 ES-MaCES
005 20150929135510.0
007 cr |||||||||||
008 100405s2010 lu d t m000 | eng d
020 _a9789279144158
035 _aCES20100002327m
040 _aES-MaCES
_bspa
_cES-MaCES
245 0 0 _aMore women in senior positions
_b: key to economic stability and growth
_cEuropean Commission, Directorate-Generall for Employment, Social Affairs and Equal Opportunities, Unit G1
260 _aLuxembourg
_bPublications Office of the European Union
_c2010
300 _a68 p.
_bgráf. col.
_c30 cm
_e1 documento pdf (1,61 mb)
541 _cGratuito
650 4 _amujeres
_928657
650 4 _apotenciación de las mujeres
_930610
650 4 _aparticipación política
_927242
650 4 _aadministración pública
_927214
650 4 _atoma de decisiones
_928194
650 4 _aigualdad de oportunidades
_927183
650 4 _aempresaria
_930568
650 4 _aalta dirección
_928192
650 4 _acuadros estadísticos
_928890
653 1 0 _aMujer
650 4 _929020
_apaís de la UE
650 4 _926752
_aUE
710 2 _aComisión de las Comunidades Europeas
_bDirección General de Empleo, Asuntos Sociales e Igualdad de Oportunidades
_92036
856 4 _uhttp://biblioteca.ces.es/repintra/47-27149.pdf
_ytexto completo
_z[intranet]
902 _aLIB Libro
942 _2CES
_cBK
_h3.3.
999 _c22937
_d22937